The 20 Highest UK County Peaks Quiz Stats

 Plays Quiz not verified by Sporcle

Support Sporcle.
Go Orange.
Score 0/20 Timer 04:00
0 Plays Today
Council Area Mountain % Correct
HighlandBen Nevis
99.2%
GwyneddSnowdon
86.4%
CumbriaScafell Pike
71.2%
AberdeenshireBen Macdui
49.2%
MorayBen Macdui
49.2%
NorthumberlandThe Cheviot
37.9%
Perth and KinrossBen Lawers
30.3%
StirlingBen More
25.8%
PowysPen y Fan
24.2%
Dumfries and GallowayMerrick
21.2%
Council Area Mountain % Correct
Argyll and ButeBen Cruachan
18.9%
North AyrshireGoat Fell
18.2%
DownSlieve Donard
15.9%
ConwyCarnedd Llewelyn
14.4%
Na h-Eileanan an Iar (Western Isles)An Cliseam
12.9%
AngusGlas Maol
10.6%
Scottish BordersBroad Law
10.6%
DenbighshireCadair Berwyn
6.8%
DurhamMickle Fell
6.8%
WrexhamCraig Berwyn
1.5%

You're not logged in!

Compare scores with friends on all Sporcle quizzes.
OR
Log In

From the Vault

NFL 1,000+ Yd Receivers (2000s)

by MattL1216

You should also try and remember how many of these guys have been on reality television.
Remove Ads.
Support Sporcle.
Get the best of Sporcle when you Go Orange. This ad-free experience offers more features, more stats, and more fun while also helping to support Sporcle. Thank you for becoming a member.

Show Comments

Extras

Top Quizzes Today


Score Distribution

Your Account Isn't Verified!

In order to create a playlist on Sporcle, you need to verify the email address you used during registration. Go to your Sporcle Settings to finish the process.

Report this User

Report this user for behavior that violates our Community Guidelines.

Details: